Queen Albums Tile Select - Statistics

General Stats
  • This quiz has been taken 152 times
  • The average score is 58 of 72
Answer Stats
Question Tile Select % Correct
the following songs that are on Sheer Heart Attack (1974). Liar No
96%
the following songs that are on A Night at the Opera (1975). Bohemian Rhapsody Yes
95%
the following songs that are on Sheer Heart Attack (1974). Seven Seas of Rhye No
93%
the following songs that are on A Night at the Opera (1975). In the Lap of the Gods No
92%
the following songs that are on Sheer Heart Attack (1974). Killer Queen Yes
92%
the following songs that are on A Day at the Races (1976). Somebody to Love Yes
92%
the following songs that are on Jazz (1978). Staying Power No
90%
the following songs that are on A Night at the Opera (1975). The March of the Black Queen No
90%
the following songs that are on A Day at the Races (1976). Death on Two Legs No
89%
the following songs that are on A Day at the Races (1976). Good Old-Fashioned Lover Boy Yes
89%
the following songs that are on Sheer Heart Attack (1974). Keep Yourself Alive No
89%
the following songs that are on A Night at the Opera (1975). Tie Your Mother Down No
89%
the following songs that are on The Game (1980). '39 No
88%
the following songs that are on The Game (1980). Flash's Theme No
88%
the following songs that are on A Day at the Races (1976). Spread Your Wings No
88%
the following songs that are on Hot Space (1982). The Show Must Go On No
88%
the following songs that are on The Works (1984). Hammer to Fall Yes
87%
the following songs that are on Sheer Heart Attack (1974). Stone Cold Crazy Yes
87%
the following songs that are on Hot Space (1982). Under Pressure Yes
87%
the following songs that are on The Game (1980). Crazy Little Thing Called Love Yes
86%
the following songs that are on A Night at the Opera (1975). I'm in Love with My Car Yes
86%
the following songs that are on Hot Space (1982). Radio Ga Ga No
86%
the following songs that are on News of the World (1977). We Will Rock You Yes
86%
the following songs that are on Jazz (1978). Bring Back That Leroy Brown No
85%
the following songs that are on Jazz (1978). We Are the Champions No
85%
the following songs that are on A Night at the Opera (1975). You're My Best Friend Yes
85%
the following songs that are on Jazz (1978). Don't Stop Me Now Yes
84%
the following songs that are on News of the World (1977). Don't Try Suicide No
84%
the following songs that are on A Day at the Races (1976). Jealousy No
84%
the following songs that are on A Night at the Opera (1975). Love of My Life Yes
84%
the following songs that are on The Game (1980). Play the Game Yes
84%
the following songs that are on A Day at the Races (1976). Seaside Rendezvous No
84%
the following songs that are on The Game (1980). Sleeping on the Sidewalk No
84%
the following songs that are on A Day at the Races (1976). Sweet Lady No
84%
the following songs that are on Jazz (1978). Bicycle Race Yes
83%
the following songs that are on Hot Space (1982). Body Language Yes
83%
the following songs that are on Jazz (1978). Fat Bottomed Girls Yes
83%
the following songs that are on A Night at the Opera (1975). God Save the Queen Yes
83%
the following songs that are on The Works (1984). I'm Going Slightly Mad No
83%
the following songs that are on Hot Space (1982). The Invisible Man No
83%
the following songs that are on The Game (1980). Another One Bites the Dust Yes
82%
the following songs that are on The Works (1984). Coming Soon No
82%
the following songs that are on Hot Space (1982). Princes of the Universe No
81%
the following songs that are on News of the World (1977). Long Away No
80%
the following songs that are on Hot Space (1982). Sail Away Sweet Sister No
80%
the following songs that are on Sheer Heart Attack (1974). Brighton Rock Yes
79%
the following songs that are on The Works (1984). I Want to Break Free Yes
79%
the following songs that are on Jazz (1978). Who Needs You No
79%
the following songs that are on News of the World (1977). All Dead, All Dead Yes
77%
the following songs that are on A Night at the Opera (1975). The Prophet's Song Yes
77%
the following songs that are on Hot Space (1982). Back Chat Yes
76%
the following songs that are on The Works (1984). Friends Will Be Friends No
75%
the following songs that are on News of the World (1977). If You Can't Beat Them No
75%
the following songs that are on The Works (1984). It's a Hard Life Yes
75%
the following songs that are on Hot Space (1982). One Year of Love No
75%
the following songs that are on The Game (1980). Save Me Yes
75%
the following songs that are on The Works (1984). I Want It All No
74%
the following songs that are on Jazz (1978). Mustapha Yes
73%
the following songs that are on Sheer Heart Attack (1974). Sheer Heart Attack No
73%
the following songs that are on A Day at the Races (1976). Teo Torriatte (Let Us Cling Together) Yes
73%
the following songs that are on Jazz (1978). Dreamer's Ball Yes
68%
the following songs that are on Sheer Heart Attack (1974). Flick of the Wrist Yes
68%
the following songs that are on News of the World (1977). Get Down, Make Love Yes
68%
the following songs that are on News of the World (1977). It's Late Yes
68%
the following songs that are on Sheer Heart Attack (1974). Now I'm Here Yes
68%
the following songs that are on The Works (1984). Is This the World We Created? Yes
66%
the following songs that are on News of the World (1977). My Melancholy Blues Yes
66%
the following songs that are on The Game (1980). Dragon Attack Yes
64%
the following songs that are on A Day at the Races (1976). White Man Yes
63%
the following songs that are on The Works (1984). Tear It Up Yes
58%
the following songs that are on The Game (1980). Need Your Loving Tonight Yes
53%
the following songs that are on News of the World (1977). Fight from the Inside Yes
51%
No matching quizzes found
Score Distribution
Percent of People with Each Score
Percentile by Number Answered
Your Score History
You have not taken this quiz